LEADER 01102nam a22002891i 4500 001 991000439119707536 005 20021009092341.0 008 021009s1984 it |||||||||||||||||ita 035 $ab12005095-39ule_inst 035 $aARCHE-009489$9ExL 040 $aDip.to Filologia Ling. e Lett.$bita$cA.t.i. Arché s.c.r.l. Pandora Sicilia s.r.l. 100 1 $aGreimas, Algirdas Julien$0156484 245 10$aDel senso 2 :$bnarrativa, modalità, passioni /$cAlgirdas Julien Greimas ; traduzione a cura di Patrizia Magli e Maria Pia Pozzato 260 $aMilano :$bBompiani,$c1984 300 $aXVI, 244 p. ;$c22 cm 490 0$aStudi Bompiani.$pIl campo semiotico 650 4$aSemantica 650 4$aSintassi 700 1 $aMagli, Patrizia 700 1 $aPozzato, Maria Pia 765 0 $tDu sens 2 907 $a.b12005095$b28-04-17$c01-04-03 912 $a991000439119707536 945 $aLE008 Cr M VIII 59$g1$i2008000238285$lle008$o-$pE0.00$q-$rl$s- $t0$u1$v0$w1$x0$y.i12290737$z01-04-03 996 $aDel senso 2$9133727 997 $aUNISALENTO 998 $ale008$b01-04-03$cm$da $e-$fita$git $h0$i1 LEADER 02422nam 22005534a 450 001 9910778870603321 005 20230422041035.0 010 $a0-511-05134-4 010 $a0-511-14916-6 010 $a0-511-00307-2 035 $a(CKB)111004366730672 035 $a(EBL)201653 035 $a(OCoLC)707917643 035 $a(SSID)ssj0000161708 035 $a(PQKBManifestationID)11151999 035 $a(PQKBTitleCode)TC0000161708 035 $a(PQKBWorkID)10199493 035 $a(PQKB)10186320 035 $a(MiAaPQ)EBC201653 035 $a(Au-PeEL)EBL201653 035 $a(CaPaEBR)ebr10015004 035 $a(EXLCZ)99111004366730672 100 $a19990304d1999 uy 0 101 0 $aeng 135 $aur|n|---||||| 181 $ctxt 182 $cc 183 $acr 200 10$aGenius explained$b[electronic resource] /$fMichael J.A. Howe 210 $aCambridge, U.K. ;$aNew York $cCambridge University Press$d1999 215 $a1 online resource (233 p.) 300 $aDescription based upon print version of record. 311 $a0-521-64018-0 320 $aIncludes bibliographical references (p. 212-215) and index. 327 $a""Cover""; ""Half-title""; ""Title""; ""Copyright""; ""Contents""; ""Dedication""; ""Preface""; ""1 Introduction""; ""2 The young Charles Darwin""; ""3 The long ascent of George Stephenson""; ""4 Michael Faraday""; ""5 Manufacturing genius""; ""6 Einstein and the prodigies""; ""7 The expertise of great writers""; ""8 Inventing and discovering""; ""On giantsa??? shoulders""; ""Collaborating with others""; ""Building on recent progress""; ""Struggling against difficulties""; ""9 Born to be a genius?""; ""Appendix: Personalia""; ""References""; ""Index"" 330 $aGenius Explained addresses the belief that genius is born not made. Controversially, it suggests genius is not a mysterious gift but the product of environment, personality and hard work and looks at the lives of, amongst others, Charles Darwin, George Eliot, the Bronte sisters, Michael Faraday and Albert Einstein. 606 $aGenius 606 $aGenius$vCase studies 615 0$aGenius. 615 0$aGenius 676 $a153.9/8 700 $aHowe$b Michael J. A.$f1940-$0124360 801 0$bMiAaPQ 801 1$bMiAaPQ 801 2$bMiAaPQ 906 $aBOOK 912 $a9910778870603321 996 $aGenius explained$93854572 997 $aUNINA LEADER 03891nam 2200649 450 001 9910819214703321 005 20230726212531.0 010 $a3-11-038816-2 010 $a3-11-030663-8 024 7 $a10.1515/9783110306637 035 $a(CKB)3850000000001165 035 $a(MiAaPQ)EBC4793896 035 $a(DE-B1597)207048 035 $a(OCoLC)979589171 035 $a(OCoLC)980283944 035 $a(DE-B1597)9783110306637 035 $a(Au-PeEL)EBL4793896 035 $a(CaPaEBR)ebr11334795 035 $a(CaONFJC)MIL978181 035 $a(OCoLC)971365390 035 $a(EXLCZ)993850000000001165 100 $a20160808h20172017 uy 0 101 0 $aeng 135 $aurcnu|||||||| 181 $2rdacontent 182 $2rdamedia 183 $2rdacarrier 200 10$aAdvanced process engineering control /$fPaul Serban Agachi, Mircea Vasile Cristea, Alexandra Ana Csavdari, Botond Szilagyi 210 1$aBerlin ;$aBoston :$cWalter de Gruyter GmbH & Company, KG,$d[2017] 210 4$d©2017 215 $a1 online resource (344 pages) $cillustrations 225 1 $aDe Gruyter textbook 311 0 $a3-11-030662-X 320 $aIncludes bibliographical references and index. 327 $tFrontmatter --$tPreface --$tContents --$tPart I: Advanced Process Control --$t1. Complex and nonconventional control systems --$t2. Model predictive control --$t3. Fuzzy control --$t4. Optimal control systems --$t5. Multivariable control --$t6. Plantwide control --$t7. Linear discrete systems and Z transform --$tPart II: Applied Process Engineering Control --$t8. Reaction unit control --$t9. Control of distillation processes --$t10. Control of absorption processes --$t11. Control of extraction processes --$t12. Control of evaporation processes --$t13. Control of drying processes --$t14. Control of crystallization processes --$t15. Problems and exercises --$tIndex 330 $aAs a mature topic in chemical engineering, the book provides methods, problems and tools used in process control engineering. It discusses: process knowledge, sensor system technology, actuators, communication technology, and logistics, design and construction of control systems and their operation. The knowledge goes beyond the traditional process engineering field by applying the same principles, to biomedical processes, energy production and management of environmental issues. The book explains all the determinations in the "chemical systems" or "process systems", starting from the beginning of the processes, going through the intricate interdependency of the process stages, analyzing the hardware components of a control system and ending with the design of an appropriate control system for a process parameter or a whole process. The book is first addressed to the students and graduates of the departments of Chemical or Process Engineering. Second, to the chemical or process engineers in all industries or research and development centers, because they will notice the resemblance in approach from the system and control point of view, between different fields which might seem far from each other, but share the same control philosophy. 410 0$aDe Gruyter textbook. 606 $aProcess control 606 $aSystems engineering 606 $aChemical process control 606 $aChemical engineering 615 0$aProcess control. 615 0$aSystems engineering. 615 0$aChemical process control. 615 0$aChemical engineering. 676 $a660/.2815 700 $aAgachi$b Paul S?erban$0883805 702 $aCristea$b Mircea Vasile$f1961- 702 $aCsavdari$b Alexandra Ana 702 $aSzila?gyi$b Botond 801 0$bMiAaPQ 801 1$bMiAaPQ 801 2$bMiAaPQ 906 $aBOOK 912 $a9910819214703321 996 $aAdvanced process engineering control$94113452 997 $aUNINA